| 000 | 00378nam a22001457a 4500 | ||
|---|---|---|---|
| 999 |
_c257181 _d257180 |
||
| 003 | OSt | ||
| 005 | 20180816095837.0 | ||
| 008 | 180816b xxu||||| |||| 00| 0 eng d | ||
| 020 | _a9789966192844 | ||
| 040 | _cn/a | ||
| 050 |
_aKR3119 _b.K42 2017 |
||
| 245 |
_aSharing public land in Marsabit county / _bsecure land tenure research project |
||
| 260 | _c2017 | ||
| 942 |
_2lcc _cJN |
||